|
|
|
|
| LEADER |
02062nam a2200409 4500 |
| 001 |
ocn854996119 |
| 003 |
OCoLC |
| 005 |
20180501122012.0 |
| 006 |
m o d |
| 007 |
cr cnu---unuuu |
| 008 |
130805s2013 ne o 001 0 eng d |
| 040 |
|
|
|a OPELS
|b eng
|e pn
|c OPELS
|d CDX
|d YDXCP
|d OCLCF
|d OCLCQ
|d GrThAP
|
| 020 |
|
|
|a 9780124081116
|q (electronic bk.)
|
| 020 |
|
|
|a 0124081118
|q (electronic bk.)
|
| 020 |
|
|
|a 9780124080911
|
| 020 |
|
|
|a 012408091X
|
| 035 |
|
|
|a (OCoLC)854996119
|
| 050 |
|
4 |
|a TK5105.5
|
| 082 |
0 |
4 |
|a 004.6
|2 23
|
| 049 |
|
|
|a TEFA
|
| 245 |
0 |
0 |
|a Connected computing environment /
|c editor, Ali Hurson.
|
| 260 |
|
|
|a Amsterdam :
|b Academic Press,
|c 2013.
|
| 300 |
|
|
|a 1 online resource.
|
| 336 |
|
|
|a text
|b txt
|2 rdacontent
|
| 337 |
|
|
|a computer
|b c
|2 rdamedia
|
| 338 |
|
|
|a online resource
|b cr
|2 rdacarrier
|
| 490 |
1 |
|
|a Advances in computers ;
|v v. 90
|
| 520 |
|
|
|a Since its first volume in 1960, Advances in Computers has presented detailed coverage of innovations in computer hardware, software, theory, design, and applications. It has also provided contributors with a medium in which they can explore their subjects in greater depth and breadth than journal articles usually allow. As a result, many articles have become standard references that continue to be of sugnificant, lasting value in this rapidly expanding field. In-depth surveys and tutorials on new computer technologyWell-known authors and researchers in the fieldExtensive bibliographies with most chaptersMany of the volumes are devoted to single themes or subfields of computer science.
|
| 500 |
|
|
|a Includes index.
|
| 588 |
0 |
|
|a Print version record.
|
| 650 |
|
0 |
|a Computer networks.
|
| 650 |
|
7 |
|a Computer networks.
|2 fast
|0 (OCoLC)fst00872297
|
| 655 |
|
4 |
|a Electronic books.
|
| 700 |
1 |
|
|a Hurson, A. R.,
|e editor.
|
| 776 |
0 |
8 |
|i Print version:
|t Connected computing environment
|z 9780124080911
|w (OCoLC)852806075
|
| 830 |
|
0 |
|a Advances in computers ;
|v v. 90.
|
| 856 |
4 |
0 |
|u https://www.sciencedirect.com/science/bookseries/00652458/90
|z Full Text via HEAL-Link
|